Dos miradas sobre la educación superior: Banco Mundial y la UNESCO /
محفوظ في:
| المؤلف الرئيسي: | |
|---|---|
| التنسيق: | نص |
| الموضوعات: | |
| الوسوم: |
إضافة وسم
لا توجد وسوم, كن أول من يضع وسما على هذه التسجيلة!
|
MARC
| LEADER | 00000 a a2200000 04500 | ||
|---|---|---|---|
| 001 | 45925 | ||
| 003 | |||
| 040 | |||
| 090 | |a REV0657 (83) 1996 | ||
| 100 | |a Díaz Barriga, Angel | ||
| 245 | |a Dos miradas sobre la educación superior: |b Banco Mundial y la UNESCO / |c Angel Díaz Barriga | ||
| 650 | |a UNESCO | ||
| 650 | |a BANCO MUNDIAL | ||
| 650 | |a EDUCACION SUPERIOR | ||
| 773 | |g número83 (1996), páginas 2-7 | ||
| 999 | |c 28851 |d 28851 | ||
